000 00333nam a2200133Ia 4500
008 220923s9999 xx 000 0 und d
082 _bBAR
100 _aBARE ACT
245 4 _aTHE COMPANIES ACT 2013 (COMPANIES RULES)
260 _bUNIVERSAL LAW PUBLISHING, DELHI
_c2021
300 _a870
650 _aCompany Act
942 _cBK
999 _c198493
_d198493